[Event "Padova op-B 7th"]
[Site "Padova"]
[Date "2004.12.11"]
[Round "1"]
[White "Bassetto, Silvano"]
[Black "Negro, Raffaele"]
[Result "0-1"]
[WhiteElo "1535"]
[BlackElo "1775"]
[PlyCount "124"]
[EventDate "2004.12.11"]
[EventType "swiss"]
[EventRounds "6"]
[EventCountry "ITA"]
[SourceTitle "EXT 2023"]
[Source "ChessBase"]
[SourceDate "2022.10.05"]
[SourceVersion "1"]
[SourceVersionDate "2022.10.05"]
[SourceQuality "1"]

1. e4 d6 2. Nc3 Nf6 3. Nf3 Bg4 4. Be2 e6 5. d4 c6 6. 0-0 d5 7. exd5 Bxf3 8. Bxf3 cxd5 9. Bg5 Be7 10. Re1 0-0 11. a3 Nc6 12. Bf4 a6 13. Ne2 b5 14. c3 Na5 15. Nc1 Nc4 16. Qc2 Bd6 17. Bxd6 Nxd6 18. Nd3 Nde4 19. Ne5 Qc7 20. Qc1 Rab8 21. Qc2 Rfc8 22. Ra2 Nd6 23. Be2 a5 24. Rea1 a4 25. Bd3 Nfe4 26. f3 Nf6 27. Qe2 Nh5 28. Qc2 g6 29. Bf1 Qe7 30. Qd2 Nc4 31. Bxc4 bxc4 32. g3 Rb3 33. Rf1 Rc7 34. Qe1 f6 35. Ng4 Rcb7 36. Rf2 R7b6 37. Re2 Ng7 38. Nh6+ Kf8 39. Ng4 h5 40. Ne3 Qb7 41. Qc1 Ne8 42. Nd1 Kg7 43. Ne3 Nd6 44. Nd1 Nb5 45. Kg2 g5 46. Ne3 Kf7 47. Qe1 Qc7 48. Nc2 Qd6 49. Nb4 Na7 50. Qd1 Kg7 51. Qe1 Kf7 52. Qb1 f5 53. Qe1 Kf6 54. Ra1 Nc6 55. Nxc6 Qxc6 56. Rb1 Qb7 57. Qc1 Rxa3 58. h4 gxh4 59. Qh6+ Ke7 60. Qg5+ Kd7 61. Qg7+ Kc8 62. Qf8+ Kc7 0-1